Φορτώνει......

The ethics of cyberspace /

Λεπτομέρειες βιβλιογραφικής εγγραφής
Κύριος συγγραφέας: Hamelink, Cees J.
Γλώσσα:Undetermined
Έκδοση: London : Sage Publications , 2000.
Θέματα:
LEADER 00540nam a2200169Ia 4500
001 143964
008 170722s9999 xx 000 0 und d
020 |a 0761966692 
100 |a Hamelink, Cees J. 
245 4 |a The ethics of cyberspace / 
260 |a London :  |b Sage Publications ,  |c 2000. 
300 |a p.xi+207 
653 |a Information Technology 
653 |a Information Technology,e-commerce 
942 |c GEN 
999 |c 123406  |d 123406 
952 |0 0  |1 0  |4 0  |6 1387R4_P0  |7 0  |9 174480  |a LIB  |b LIB  |d 2017-08-12  |o 13:87:(R4) P0  |p 242844  |r 2017-08-12  |w 2017-08-12  |y GEN